Largest Cities in Arkansas - Statistics

General Stats
  • This quiz has been taken 9 times
  • The average score is 14 of 20
Answer Stats
Rank Population City % Correct
12 34,882 Benton
100%
2 95,806 Fayetteville
100%
1 205,878 Little Rock
100%
9 54,453 Bentonville
88%
8 63,982 Conway
88%
3 90,119 Fort Smith
88%
5 77,612 Jonesboro
88%
7 64,428 North Little Rock
88%
6 70,242 Rogers
88%
4 86,020 Springdale
88%
11 38,092 Hot Springs
75%
16 29,505 Paragould
63%
10 43,075 Pine Bluff
63%
14 30,028 Bella Vista
50%
19 28,776 Cabot
50%
15 29,582 Jacksonville
50%
20 27,104 West Memphis
50%
17 29,442 Russellville
38%
13 33,283 Sherwood
38%
18 29,432 Texarkana
25%
No matching quizzes found
Score Distribution
Percent of People with Each Score
Percentile by Number Answered
Your Score History
You have not taken this quiz